000 02386cam a22004697i 4500
001 2685
003 FISKH
005 20240110091210.0
008 170601s2017 ie 000 1 eng d
010 _a 2017380188
020 _a9781844883516
020 _a9780241970744
020 _a1844883515
035 _a(OCoLC)ocn958097632
040 _aYDX
_beng
_cYDX
_erda
_dOCLCQ
_dTOH
_dOCLCQ
_dNLE
_dNZWRP
_dNTAUP
_dOCLCO
_dNZWRP
_dNZAUC
_dOCLCF
_dYDX
_dEMU
_dDLC
042 _alccopycat
050 0 0 _aPR6113.O7485
_bG66 2017
082 0 4 _a823.92
_223
100 1 _aMoriarty, Sinéad.
245 1 0 _aThe good mother /
_cSinéad Moriarty.
260 _aDelhi :
_bPenguin Books,
_c2017.
300 _a454 pages ;
_c20 cm
336 _atext
_btxt
_2rdacontent
337 _aunmediated
_bn
_2rdamedia
338 _avolume
_2rdacarrier
520 _aKate has been through the fire with her three children ... Having been left devastated and homeless after her husband's affair and the break-up of their family, somehow she has pulled through. Though times are still tough, she's beginning to see the start of a new life. But when twelve-year-old Jesssica is diagnosed with cancer, Kate's resilience is put to the ultimate test. She has an eighteen-year-old son consumed with hatred of his father, a seven-year-old who is bewildered and acting up and an ex-husband who won't face up to his responsibilities. And in the middle of it a beloved child who is trying to be brave but is getting sicker by the day. Kate knows she must put to one side her own fear and heartbreak and do right by her children, particularly Jessica. But maybe doing the right thing means doing the unthinkable?
650 0 _aSingle mothers
_vFiction.
650 0 _aCancer
_vFiction.
650 0 _aMothers and daughters
_vFiction.
650 0 _aMother and child
_vFiction.
650 0 _aFamilies
_vFiction.
650 7 _aCancer.
_2fast
_0(OCoLC)fst00845317
650 7 _aFamilies.
_2fast
_0(OCoLC)fst01728849
650 7 _aMother and child.
_2fast
_0(OCoLC)fst01026878
650 7 _aMothers and daughters.
_2fast
_0(OCoLC)fst01026997
650 7 _aSingle mothers.
_2fast
_0(OCoLC)fst01119370
655 7 _aDomestic fiction.
_2fast
_0(OCoLC)fst01726589
655 7 _aFiction.
_2fast
_0(OCoLC)fst01423787
655 7 _aDomestic fiction.
_2lcgft
906 _a7
_bcbc
_ccopycat
_d3
_encip
_f20
_gy-gencatlg
942 _2ddc
_cBK
_n0
999 _c2685
_d2685